000 00787nam a2200241 i 4500
001 10025
003 ES-MaACL
005 20240204063010.0
008 941013s1993 sp ||||1| spa d
020 _a84-339-1377-8
080 _a791.43(049.3)
100 0 _aMolina Foix, Vicente,
_d1946-
_9235020
245 1 3 _aEl cine estilográfico
_b: crítica recogida 1981-1993 /
_cVicente Molina Foix ; [prólogo de Guillermo Cabrera Infante].
260 _aBarcelona :
_bAnagrama,
_c[1993]
300 _a435 p. ;
_c22 cm.
490 1 _aArgumentos ;
_v147
500 _aÍndices.
650 1 4 _aCine-
_vCríticas.
_911020
700 1 _aCabrera Infante, Guillermo.
_933315
830 1 _aArgumentos ;
_v147
_9178418
852 _aES-MaACL
_jL-17494
999 _c10025
_d10025